[Event "Pfalz-ch MAT2 87th"]
[Site "Landau"]
[Date "2018.03.30"]
[Round "8"]
[White "Bold, Andre"]
[Black "Diesenhof, Michael"]
[Result "1/2-1/2"]
[WhiteElo "1954"]
[BlackElo "1947"]
[PlyCount "134"]
[EventDate "2018.03.23"]
[EventType "tourn"]
[EventRounds "9"]
[EventCountry "GER"]
[SourceTitle "EXT 2019"]
[Source "ChessBase"]
[SourceDate "2018.10.10"]
[SourceVersion "1"]
[SourceVersionDate "2018.10.10"]
[SourceQuality "1"]

1. e4 c5 2. Nf3 Nc6 3. Bb5 g6 4. 0-0 Bg7 5. c3 e5 6. Na3 Nge7 7. Nc2 Qb6 8. Bc4 0-0 9. d3 d6 10. Ne3 a6 11. h3 Bd7 12. Ng4 Bxg4 13. hxg4 Na5 14. g5 Qc6 15. Qe2 b5 16. Bb3 Nxb3 17. axb3 Kh8 18. Nh2 Ng8 19. Ng4 f5 20. gxf6 Nxf6 21. g3 Qd7 22. Nxf6 Rxf6 23. Bg5 Rf7 24. Kg2 a5 25. Ra2 Qe6 26. Rfa1 Rfa7 27. c4 Qd7 28. Bd2 a4 29. bxa4 bxc4 30. dxc4 Rxa4 31. Rxa4 Rxa4 32. Rxa4 Qxa4 33. Qd3 Qc6 34. Bg5 Qd7 35. Qd5 h6 36. Be3 Qe7 37. Bd2 Kh7 38. b4 cxb4 39. Bxb4 Bf8 40. Bc3 g5 41. Bd2 Qf6 42. Qb7+ Kg6 43. Qd5 Kh7 44. g4 Kh8 45. f3 Kh7 46. Be3 Qe7 47. Qc6 Kg8 48. Qc8 Qf7 49. Bf2 Qe7 50. Bg3 Qf7 51. Qc6 Qa7 52. Qd5+ Qf7 53. Qd3 Qa7 54. Qc2 Qc7 55. Qa2 Qf7 56. Qa4 Qc7 57. Bf2 Qf7 58. Qb5 Qe7 59. Qb8 Qf7 60. c5 dxc5 61. Qxe5 c4 62. Bd4 Qg6 63. Qd5+ Qf7 64. Qxf7+ Kxf7 65. Kf2 Kg6 66. Ke3 h5 67. gxh5+ Kxh5 1/2-1/2

[Event "Pfalz-ch MT-B 86th"]
[Site "Wolfstein"]
[Date "2017.04.15"]
[Round "9"]
[White "Diesenhof, Michael"]
[Black "Maeurer, Fabian"]
[Result "1/2-1/2"]
[WhiteElo "1860"]
[BlackElo "2005"]
[PlyCount "28"]
[EventDate "2017.04.07"]
[EventType "tourn"]
[EventRounds "9"]
[EventCountry "GER"]
[SourceTitle "EXT 2018"]
[Source "ChessBase"]
[SourceDate "2017.10.13"]
[SourceVersion "1"]
[SourceVersionDate "2017.10.13"]
[SourceQuality "1"]

1. d4 c5 2. d5 e5 3. Nc3 d6 4. e4 Be7 5. Nf3 Bg4 6. Bb5+ Nd7 7. 0-0 a6 8. Be2 Bxf3 9. Bxf3 Bg5 10. Be2 Bxc1 11. Qxc1 Ne7 12. f4 exf4 13. Qxf4 Ne5 14. Kh1 N7g6 1/2-1/2

[Event "Pfalz-ch MT-B 86th"]
[Site "Wolfstein"]
[Date "2017.04.09"]
[Round "3"]
[White "Diesenhof, Michael"]
[Black "Louis, Volker"]
[Result "1/2-1/2"]
[WhiteElo "1860"]
[BlackElo "2108"]
[PlyCount "23"]
[EventDate "2017.04.07"]
[EventType "tourn"]
[EventRounds "9"]
[EventCountry "GER"]
[SourceTitle "EXT 2018"]
[Source "ChessBase"]
[SourceDate "2017.10.13"]
[SourceVersion "1"]
[SourceVersionDate "2017.10.13"]
[SourceQuality "1"]

1. d4 g6 2. Nf3 Bg7 3. c4 d6 4. Nc3 e5 5. e4 Nc6 6. Be3 exd4 7. Nxd4 Nf6 8. Be2 0-0 9. 0-0 Re8 10. f3 Nd7 11. Qd2 Nc5 12. Rad1 1/2-1/2

[Event "Pfalz-ch MT-B 86th"]
[Site "Wolfstein"]
[Date "2017.04.07"]
[Round "1"]
[White "Martin, Mike"]
[Black "Diesenhof, Michael"]
[Result "1-0"]
[WhiteElo "2096"]
[BlackElo "1860"]
[PlyCount "49"]
[EventDate "2017.04.07"]
[EventType "tourn"]
[EventRounds "9"]
[EventCountry "GER"]
[SourceTitle "EXT 2018"]
[Source "ChessBase"]
[SourceDate "2017.10.13"]
[SourceVersion "1"]
[SourceVersionDate "2017.10.13"]
[SourceQuality "1"]

1. e4 c5 2. Nf3 Nc6 3. Bb5 g6 4. 0-0 Bg7 5. Bxc6 dxc6 6. d3 Nf6 7. Nc3 0-0 8. Be3 b6 9. Qd2 Ng4 10. Bf4 e5 11. Bg5 f6 12. Bh4 Qe8 13. Ne1 Be6 14. b3 Qd7 15. h3 Nh6 16. Rd1 Rae8 17. Bg3 f5 18. exf5 gxf5 19. f4 exf4 20. Bxf4 Qd4+ 21. Kh1 Nf7 22. Ne2 Qf6 23. Ng3 Ne5 24. Nh5 Qg6 25. Nxg7 1-0

[Event "Rheinland Pfalz op 5th"]
[Site "Worms"]
[Date "2013.06.01"]
[Round "5"]
[White "Boos Guckes, Astrid"]
[Black "Diesenhof, Michael"]
[Result "0-1"]
[WhiteElo "956"]
[BlackElo "1470"]
[PlyCount "60"]
[EventDate "2013.05.30"]
[EventType "swiss"]
[EventRounds "7"]
[EventCountry "GER"]
[SourceTitle "EXT 2014"]
[Source "ChessBase"]
[SourceDate "2013.11.20"]
[SourceVersion "1"]
[SourceVersionDate "2013.11.20"]
[SourceQuality "1"]

1. c4 f5 2. Nc3 Nf6 3. g3 g6 4. Bg2 Bg7 5. Nf3 0-0 6. 0-0 d6 7. d3 e5 8. Bg5 h6 9. Bd2 Qe8 10. d4 e4 11. Ne1 Be6 12. d5 Bd7 13. Qb3 Bc8 14. Nc2 Nbd7 15. Nd4 Nc5 16. Qd1 Ng4 17. Nb3 e3 18. Be1 Nxb3 19. Qxb3 exf2+ 20. Bxf2 Nxf2 21. Rxf2 Bd4 22. Re1 f4 23. Ne4 Bxf2+ 24. Nxf2 Bd7 25. Be4 Kg7 26. Qc3+ Qe5 27. Qc2 fxg3 28. hxg3 Qxg3+ 29. Bg2 Rxf2 30. Rf1 Qxg2# 0-1

[Event "Rheinland Pfalz op 5th"]
[Site "Worms"]
[Date "2013.06.01"]
[Round "6"]
[White "Diesenhof, Michael"]
[Black "Roos, Bernhard"]
[Result "0-1"]
[WhiteElo "1470"]
[BlackElo "1614"]
[PlyCount "100"]
[EventDate "2013.05.30"]
[EventType "swiss"]
[EventRounds "7"]
[EventCountry "GER"]
[SourceTitle "EXT 2014"]
[Source "ChessBase"]
[SourceDate "2013.11.20"]
[SourceVersion "1"]
[SourceVersionDate "2013.11.20"]
[SourceQuality "1"]

1. d4 d5 2. c4 e6 3. Nf3 Nf6 4. Nc3 Be7 5. Bf4 c6 6. h3 Nbd7 7. e3 0-0 8. Bd3 dxc4 9. Bxc4 Nd5 10. Bg3 Bb4 11. Qb3 Qa5 12. Rc1 N7f6 13. Nd2 Nxc3 14. bxc3 Ba3 15. Bc7 Qxc7 16. Qxa3 e5 17. 0-0 exd4 18. cxd4 Bf5 19. Rfe1 Rfe8 20. Nf3 Be6 21. Bd3 Bd5 22. Ne5 Nd7 23. Ng4 Be6 24. Nh2 Nf6 25. e4 Qf4 26. Bb1 Red8 27. Qd3 g6 28. a4 Rd7 29. Nf3 Rad8 30. Qc3 Nh5 31. Rcd1 g5 32. Re3 f6 33. g3 Nxg3 34. fxg3 Qxg3+ 35. Kf1 Bxh3+ 36. Ke2 Bg4 37. Ba2+ Kg7 38. d5 Qg2+ 39. Ke1 Qxa2 40. Nxg5 Bxd1 41. Ne6+ Kf7 42. Nxd8+ Rxd8 43. Kxd1 Qxa4+ 44. Ke1 cxd5 45. e5 Qh4+ 46. Rg3 Ke6 47. Kd1 fxe5 48. Qb3 Rf8 49. Rh3 Qg4+ 50. Kc1 Qc4+ 0-1